| 000 | 00575nam a2200241 a 4500 | ||
|---|---|---|---|
| 003 | AR-BaBNM | ||
| 005 | 20251128202915.0 | ||
| 008 | 082120s2002 ||||||||||||||000 | spa|| | ||
| 040 | _cAR-BaBNM | ||
| 100 | 1 | _aChavarrÃa, Juan Manuel | |
| 245 | 0 | 0 | _aDensidad espiritual de Sarmiento |
| 260 |
_aBuenos Aires _bEl autor _c1962 |
||
| 300 | _a117 p. | ||
| 650 | 4 | _aHISTORIA ARGENTINA | |
| 650 | 4 | _aBIOGRAFIAS | |
| 650 | 4 | _aGENEALOGIA | |
| 650 | 4 | _aCULTURA | |
| 650 | 4 | _aLITERATURA | |
| 650 | 4 | _aPERIODISMO | |
| 655 | _aBIOGRAFIAS | ||
| 942 | _cBK | ||
| 998 | _cEnrique | ||
| 999 |
_c1142 _d1142 |
||